History Quiz

Random History or Clickable Quiz

We Didn't Start the Fire: Historically Speaking III Quiz Stats

Quiz Updated Jan 27, 2017

Score 0/26 Timer 08:00
0 Plays Today
% Correct
Hula Hoops
95.7%
Kennedy
95.3%
Castro
95%
California Baseball
94.2%
Buddy Holly
93.8%
Charles de Gaulle
93.6%
Children of Thalidomide
92.9%
Space Monkey
92.9%
Little Rock
91.8%
Mafia
91.8%
Chou En-Lai
91.7%
Bridge on the River Kwai
91.6%
Mickey Mantle
91.2%
% Correct
Ben-Hur
90.3%
Malenkov
88.2%
Eichmann
87.1%
Chubby Checker
86.8%
Edsel is a no-go
85%
U-2
84.5%
Payola
83.9%
Starkweather Homicide
83.6%
Kerouac
83.4%
Belgians in the Congo
80%
Lebanon
71.3%
Syngman Rhee
70.2%
Pasternak
70.2%

You're not logged in!

Compare scores with friends on all Sporcle quizzes.
Sign Up with Email
OR
Log In

You Might Also Like...

Show Comments

Extras

Top Quizzes Today


Score Distribution

Your Account Isn't Verified!

In order to create a playlist on Sporcle, you need to verify the email address you used during registration. Go to your Sporcle Settings to finish the process.